Rush Lyrics - Statistics

General Stats
  • This quiz has been taken 480 times
  • The average score is 9 of 15
Answer Stats
Hint Answer % Correct
If you choose not to decide, you still have made a choice Freewill
90%
All the world's indeed a stage and we are merely players Limelight
79%
You can be the captain, and I will draw the chart Closer to the Heart
73%
One likes to believe in the freedom of music The Spirit of Radio
69%
Growing up it all seems so one-sided Opinions all provided Subdivisions
68%
Jack...relax Get busy with the facts Roll the Bones
66%
I'm not looking back But I want to look around me now Time Stand Still
58%
Everybody got to deviate from the norm Vital Signs
54%
The world weighs on my shoulders But what am I to do? Distant Early Warning
49%
No fright or hindsight Leaving behind that empty feeling inside Fly By Night
49%
If I could wave my magic wand Presto
47%
Across the River Styx, out of the lamplight By-Tor And The Snow Dog
45%
Somethin' always fires the light That gets in your eyes Marathon
38%
One day I feel I'm on top of the world And the next it's falling in on me Far Cry
37%
The most endangered species The honest man Will still survive annihilation Natural Science
36%
No matching quizzes found
Score Distribution
Percent of People with Each Score
Percentile by Number Answered
Your Score History
You have not taken this quiz